000 00608nam a2200205Ia 4500
003 GCL
008 140319s9999 xx 000 0 ara d
040 _aGCL /
_cGCL
082 0 4 _aط
_b813.088
_bس ا
100 1 _aسعد شلبى
245 1 0 _aحياة الشهداء /
_cسعد شلبى
260 _a[S.N] :
_bدار الفكر العربى
490 _aاطفال فى رحاب القرأن الكريم
_v0
650 0 4 _aالاطفال
650 0 4 _aالقصص
650 0 4 _aقصص الاطفال
650 0 4 _aقصص الانبياء
650 0 4 _aالقصص الدينية
942 _2ddc
_cBK
999 _c57915
_d57915